Missing Word: Alice in Wonderland Quiz Stats

 Plays Quiz Updated Dec 28, 2015

Score 0/26 Timer 03:00
5 Plays Today
Six impossible things before breakfast Word % Correct
______ DumptyHumpty
92.5%
Down the ______-HoleRabbit
90.6%
___ with her head!Off
89.6%
Mad ______Hatter
88.8%
A Mad Tea _____Party
88.5%
_______dum and _______deeTweedle
86%
________ Cat's GrinCheshire
82.7%
_____ CarrollLewis
81.5%
_____ RabbitWhite
79.1%
Knave of ______Hearts
71.9%
_____ HareMarch
67.2%
An invitation from the Queen to play _______.Croquet
63.5%
'You're nothing but a pack of _____!'Cards
58.7%
Six impossible things before breakfast Word % Correct
'We're all ___ here. I'm ___. You're ___.'Mad
48.9%
The ______ and the CarpenterWalrus
43.6%
____ TurtleMock
36.9%
Why is a raven like a ____________?Writing-desk
34.4%
`______ the Jabberwock, my son!'Beware
33.5%
Twinkle Twinkle Little ___Bat
29.6%
Who Stole the _____?Tarts
29.3%
Pool of _____Tears
24.7%
The Frumious ____________Bandersnatch
19.3%
The _______ QuadrilleLobster
16.5%
Bill the ______Lizard
15.7%
The Lion and the _______Unicorn
14.6%
Fish-_______ and Frog-_______Footman
8.3%

Today's Daily Dose

Missing Word
Blue Things

Quick Pick
Country Ends

You're not logged in!

Compare scores with friends on all Sporcle quizzes.
OR
Log In

Show Comments

Extras

Top Quizzes Today


Score Distribution

Your Account Isn't Verified!

In order to create a playlist on Sporcle, you need to verify the email address you used during registration. Go to your Sporcle Settings to finish the process.

Report this User

Report this user for behavior that violates our Community Guidelines.

Details: